Loading...
| History - American | 0 | 8 | 0 | 1 | 80 | 23 | 89.50 | 2 | 5 |
| History - World | 0 | 6 | 2 | 2 | 50 | 55 | 92.50 | 0 | 4 |
| History - Other | 0 | 6 | 5 | 0 | 35 | 56 | 87.00 | 1 | 3 |
| History - European | 0 | 3 | 4 | 0 | 10 | 94 | 103.00 | 0 | 1 |
| Literature - British long fiction | 0 | 1 | 0 | 0 | 10 | 72 | 72.00 | 0 | 1 |
| Mythology - Greco/Roman | 0 | 1 | 0 | 0 | 10 | 92 | 92.00 | 0 | 0 |
| Social Science - Mixed/Any | 0 | 1 | 0 | 1 | 10 | 129 | 129.00 | 0 | 0 |
| Current Events/Modern World - Mixed/Any | 0 | 1 | 0 | 0 | 10 | 101 | 101.00 | 0 | 1 |
| Geography - Non-U.S. Americas | 0 | 1 | 0 | 0 | 10 | 138 | 138.00 | 0 | 0 |
| Science - Physics | 0 | 1 | 0 | 0 | 10 | 81 | 81.00 | 0 | 1 |
| Art - Visual | 0 | 1 | 0 | 1 | 10 | 137 | 137.00 | 1 | 1 |
| Science - Biology | 0 | 1 | 0 | 0 | 10 | 119 | 119.00 | 0 | 0 |
| Science - Engineering | 0 | 1 | 0 | 1 | 10 | 135 | 135.00 | 0 | 0 |
| Philosophy - Pre-20th | 0 | 0 | 1 | 0 | -5 | 0.00 | 0 | 0 | |
| Social Science - Law | 0 | 0 | 1 | 0 | -5 | 0.00 | 0 | 0 |